书目信息 |
| 题名: |
中国农民工
|
|
| 作者: | 沈立人 著 | |
| 分册: | ||
| 出版信息: | 北京 民主与建设出版社 2005 |
|
| 页数: | 293页 | |
| 开本: | 21cm | |
| 丛书名: | ||
| 单 册: | ||
| 中图分类: | F323.6 | |
| 科图分类: | ||
| 主题词: | 农民--劳动就业--研究--中国 , 农民 , 劳动就业 | |
| 电子资源: | ||
| ISBN: | 7-80112-699-8 | |
| 000 | 00756nam0 2200241 450 | |
| 001 | 003033215 | |
| 005 | 20061115151330.96 | |
| 010 | @a7-80112-699-8@dCNY22.00 | |
| 100 | @a20051201d2005 em y0chiy0110 ea | |
| 101 | 0 | @achi |
| 102 | @aCN@b110000 | |
| 105 | @ay z 000yy | |
| 200 | 1 | @a中国农民工@9zhong guo nong min gong@f沈立人著 |
| 210 | @a北京@c民主与建设出版社@d2005 | |
| 215 | @a293页@d21cm | |
| 330 | @a本书分13章,主要内容包括:农民工的几个故事;产生农民工的国情特色和时代背景;农民工的定义、诠释和正名;农民工的形成和演进等。 | |
| 606 | 0 | @a农民@x劳动就业@x研究@y中国 |
| 606 | 0 | @a农民 |
| 606 | 0 | @a劳动就业 |
| 690 | @aF323.6@v4 | |
| 701 | 0 | @a沈立人@9shen li ren@f(1927~)@4著 |
| 801 | 0 | @aCN@bNLC@c20061115 |
| 905 | @a10447@dF323.6@e66 | |
| 中国农民工/沈立人著.-北京:民主与建设出版社,2005 |
| 293页;21cm |
| ISBN 7-80112-699-8:CNY22.00 |
| 本书分13章,主要内容包括:农民工的几个故事;产生农民工的国情特色和时代背景;农民工的定义、诠释和正名;农民工的形成和演进等。 |
| ● |
| 相关链接 |
|
|
|
|
正题名:中国农民工
索取号:F323.6/66
 
预约/预借
| 序号 | 登录号 | 条形码 | 馆藏地/架位号 | 状态 | 备注 |
| 1 | 0391304 | 203913042 | 第一样本阅览室/ [索取号:F323.6/66] | 在馆 | |
| 2 | 0391305 | 203913051 | 第一借阅区/ [索取号:F323.6/66] | 在馆 | |
| 3 | 0391306 | 203913060 | 第一借阅区/ [索取号:F323.6/66] | 在馆 | |
| 4 | 0391307 | 203913079 | 第一借阅区/ [索取号:F323.6/66] | 在馆 | |
| 5 | 0391308 | 203913088 | 第一借阅区/ [索取号:F323.6/66] | 在馆 |